00473nam a22001457a 4500020001800000040000900018082001600027100004400043245005200087260003400139300002300173942001200196999001900208952010000227 a9789332559554 cNUST a629.89bAUS aAuslander, D. M. & Kempf, C. J.984731 aMechatronics :bMechanical system interfacing / aNew Delhi. :bPearson,c2016. aix, 242p. :c23cm. 2ddccBK c540501d540501 00102ddc4070aSMMEbSMMEcGENd2020-10-27o629.89 AUSpSMME-3554r2020-10-27w2020-10-27yBK